| 000 | 01229cam a2200277 i 4500 | ||
|---|---|---|---|
| 003 | SA-RiAUC | ||
| 005 | 20250501100219.0 | ||
| 008 | 241021s1999 le g 000r0 ara c | ||
| 040 |
_aSA-RiAUC _bara _cSA-RiAUC _erda |
||
| 082 | 0 | 4 | _a258.4 |
| 090 |
_a258.4 _b ا ب ن ن |
||
| 100 | 1 |
_aابن النجار، محمد بن أحمد بن عبد العزيز، _d898-972 هجري _eمؤلف. |
|
| 245 | 1 | 0 |
_aمعونة أولي النهي : _bشرح المنتهى ¢منتهى الإرادات¢ / _cتصنيف ابن النجار الفتوحي ؛ دراسة وتحقيق عبد الملك بن عبد الله بن دهيش. |
| 246 | 3 | 0 | _aشرح المنتهى ¢منتهى الإرادات¢ |
| 250 | _aالطبعة الثالثة. | ||
| 264 | 1 |
_aبيروت : _bدار خضر، _c1998 |
|
| 300 |
_a مجلدات ؛ _c24 سم |
||
| 336 |
_aنص _btxt _2rdacontent _3كتاب |
||
| 337 |
_aبدون وسيط _bn _2rdamedia |
||
| 338 |
_aمجلد _bnc _2rdacarrier |
||
| 650 | 7 |
_aالفقه الحنبلي _2aucsh |
|
| 700 | 1 |
_aابن دهيش، عبد الملك بن عبد الله، _d1360 هجري- _eمحقق. |
|
| 740 | 0 | _aمنتهى الإرادات. | |
| 942 |
_2ddc _cBOOK _n0 |
||
| 949 |
_aSA-JeALM _d241021 _ueid123 _n1 |
||
| 999 |
_c1555 _d1555 |
||